000 01327cab a22002655a 4500
001 L143028
008 080117s2008 xxk f v 000 0 eng d
035 _a(Sirsi) u143028
041 0 _aeng
100 1 _aDitchburn, Matthew
245 0 0 _aGoing for broke
_bminimising loss when faced with an insolvent tenant
260 _c2008
490 0 _aLovells Real Estate Quarterly
_vMarch 2008, 8-11(4)
520 _aSuggests that landlords need to consider the problem of tenants struggling in difficult financial circumstances and use insolvency regimes in order to keep their losses to a minimum. Provides an overview of the most common insolvency regimes. Includes: liquidation; administration and voluntary arrangements. Covers: protecting rent; seizure of goods; rent recovery and forfeiture. Offers tips to landlords.
590 _aKA
650 2 4 _aTHOMAS V KEN THOMAS
650 2 4 _aMETRO NOMINEES (WANDSWORTH) (NO1) LIMITED AND OTHERS V RAYMENT AND OTHERS
650 2 4 _aEXETER CC V BAIRSTOW AND OTHERS
650 2 4 _aPRUDENTIAL ASSURANCE COMPANY LIMITED AND OTHERS V POWERHOUSE LIMITED AND OTHERS
651 4 _aGreat Britain
_y1707-
690 _aPROPERTY-COMMERCIAL PROPERTY-COMMERCIAL LANDLORD AND TENANT-COMMERCIAL LEASES
690 _aMANAGEMENT-CORPORATE RECOVERY
700 1 _aNorris, Daniel
942 _n0
999 _c80026
_d80026